000 00631nam a2200217 a 4500
005 20240417063647.0
008 140619s2004 mx r 000 0 spa d
020 _a8495895226
035 _aUPN01000198116
049 _aI
050 4 _aPZ75
_bR6.32
100 1 _aRomero, Sensi
_935801
245 1 3 _aLa familia de nieve /
_cSensi Romero ; il. de Armando Serra.
260 _aValencia, Esp. :
_bBrief,
_c2004.
300 _a47 p. :
_bil. col.
440 0 _aCuentos con miga ;
_v6.
_pApartir de 6 años
650 4 _aLibros y lectura para niños
_92290
650 4 _aFamilias
_944286
905 _aInfantil
999 _c170217
_d170217